Online
Catalog

Risâlat Al-Safiha al Yami a Li-Yami Al-Uud : (Record no. 41525)

MARC details
000 -CABECERA
campo de control de longitud fija 00931nam a2200217 a 4500
001 - NÚMERO DE CONTROL
campo de control 000042036
005 - FECHA Y HORA DE LA ÚLTIMA TRANSACCIÓN
campo de control 20201002035911.0
008 - DATOS DE LONGITUD FIJA--INFORMACIÓN GENERAL
campo de control de longitud fija 131011s1993 sp a 000 0 spa d
020 ## - NÚMERO INTERNACIONAL ESTÁNDAR DEL LIBRO
Número Internacional Estándar del Libro 8400072243
040 ## - FUENTE DE LA CATALOGACIÓN
Centro catalogador/agencia de origen DO-SdBNP
Lengua de catalogación spa
Centro/agencia transcriptor BNPHU
100 1# - ENTRADA PRINCIPAL--NOMBRE DE PERSONA
Nombre de persona Al-Husayn, Abù Alí
9 (RLIN) 69013
245 10 - MENCIÓN DE TÍTULO
Título Risâlat Al-Safiha al Yami a Li-Yami Al-Uud :
Resto del título (tratado sobre lámina general para todas las latitudes) /
Mención de responsabilidad, etc. Abu Ali Al-Husayn, Ibn Baso; edición, crítica, traducción y estudio por Emilia Calvo Labarta.
260 ## - PUBLICACIÓN, DISTRIBUCIÓN, ETC.
Lugar de publicación, distribución, etc. Madrid, :
Nombre del editor, distribuidor, etc. Consejo Superior de Investigaciones Científicas,
-- Instituto de Cooperación con el mundo Árabe,
Fecha de publicación, distribución, etc. 1993.
300 ## - DESCRIPCIÓN FÍSICA
Extensión 222, 191 p. ;
Dimensiones 24 cm.
490 1# - MENCIÓN DE SERIE
Mención de serie Fuentes Arábico-Hispanas
Designación de volumen o secuencia 13
500 ## - NOTA GENERAL
Nota general Incluye notas a pie de páginas
546 ## - NOTA DE LENGUA/LENGUAJE
Nota de lengua/lenguaje Texto en Arabe y español
700 1# - PUNTO DE ACCESO ADICIONAL--NOMBRE DE PERSONA
Nombre de persona Baso, Ibn
9 (RLIN) 69014
700 1# - PUNTO DE ACCESO ADICIONAL--NOMBRE DE PERSONA
Nombre de persona Calvo Labarta, Emilia
Término indicativo de función/relación trad.
9 (RLIN) 69015
830 #0 - PUNTO DE ACCESO ADICIONAL DE SERIE-TÍTULO UNIFORME
Título uniforme Fuentes Arábico-Hispanas
Designación de volumen o secuencia 13
9 (RLIN) 65581
Holdings
Estado de retiro Estado de pérdida Restricciones de uso No para préstamo Código de colección Localización permanente Ubicación/localización actual Ubicación en estantería Fecha de adquisición Número de inventario Total de préstamos Signatura topográfica completa Código de barras Fecha visto por última vez Precio válido a partir de Tipo de ítem Koha Número de copia
      Excluido de préstamo Monografías: Libros y Folletos General General En catalogación 11.11.2013 LF1   42036-10 25.06.2020 25.06.2020 No se presta  
      Excluido de préstamo Monografías: Libros y Folletos General General En catalogación 11.11.2013 LF1   42036-20 25.06.2020 25.06.2020 No se presta e. 2

Powered by Koha